Difference in Work Motivation Between Public and Private Sector Organizations in Pakistan / (Record no. 525617)

000 -LEADER
fixed length control field 00632nam a22001937a 4500
003 - CONTROL NUMBER IDENTIFIER
control field NUST
005 - DATE AND TIME OF LATEST TRANSACTION
control field 20190703092334.0
008 - FIXED-LENGTH DATA ELEMENTS--GENERAL INFORMATION
fixed length control field 190703b ||||| |||| 00| 0 eng d
038 ## - RECORD CONTENT LICENSOR
Staff Name Mr. Zahoor
082 ## - DEWEY DECIMAL CLASSIFICATION NUMBER
Classification number 620.005
100 ## - MAIN ENTRY--PERSONAL NAME
Personal name Ahsan, Usman
9 (RLIN) 16534
245 ## - TITLE STATEMENT
Title Difference in Work Motivation Between Public and Private Sector Organizations in Pakistan /
Statement of responsibility, etc. Usman Ahsan
260 ## - PUBLICATION, DISTRIBUTION, ETC.
Place of publication, distribution, etc. Islamabad :
Name of publisher, distributor, etc. CEME - NUST,
Date of publication, distribution, etc. 2016.
300 ## - PHYSICAL DESCRIPTION
Extent xiv, 69 p. : ill. ;
Dimensions 30cm.
500 ## - GENERAL NOTE
General note Hardcover.
650 ## - SUBJECT ADDED ENTRY--TOPICAL TERM
Topical term or geographic name entry element Electrical and Mechanical Engineering - MS PHD Thesis
9 (RLIN) 16535
700 ## - ADDED ENTRY--PERSONAL NAME
Personal name Dr. Faheem Qaiser Jamal
9 (RLIN) 16536
942 ## - ADDED ENTRY ELEMENTS (KOHA)
Source of classification or shelving scheme
Koha item type Thesis
Holdings
Withdrawn status Lost status Source of classification or shelving scheme Damaged status Not for loan Permanent Location Current Location Shelving location Date acquired Total Checkouts Full call number Barcode Date last seen Price effective from Koha item type
          Central Library (CL) Central Library (CL) Thesis 07/03/2019   620.005 CL-T-177 07/03/2019 07/03/2019 Thesis
© 2023 Central Library, National University of Sciences and Technology. All Rights Reserved.